Classic short stories / (Record no. 60142)

MARC details
000 -LEADER
fixed length control field 00979nam a22002177a 4500
005 - DATE AND TIME OF LATEST TRANSACTION
control field 20120103102827.0
010 ## - LCCN (DPL NO)
LC control number B-477170-171
020 ## - INTERNATIONAL STANDARD BOOK NUMBER
International Standard Book Number 9789380078144
Terms of availability 175.00
035 ## - SYSTEM CONTROL NUMBER
System control number B-477170-171
037 ## - SOURCE OF ACQUISITION
Source of stock number/acquisition Blue Berry/Ven
082 ## - DEWEY DECIMAL CLASSIFICATION NUMBER
Classification number S
245 ## - TITLE STATEMENT
Title Classic short stories /
Statement of responsibility, etc by Anton Chekhov...(et al)
260 ## - PUBLICATION, DISTRIBUTION, ETC. (IMPRINT)
Place of publication, distribution, etc New Delhi
Name of publisher, distributor, etc Maanu Graphics
Date of publication, distribution, etc (201?)
270 ## - ADDRESS
Address 5FF, Ganpati Bhawan, 21, Ansari Road, Darya Ganj
City New Delhi
Postal code 110002
300 ## - PHYSICAL DESCRIPTION
Extent 560p.
Dimensions 20cm(pbk)
700 ## - ADDED ENTRY--PERSONAL NAME
Personal name Chekhov, Anton
9 (RLIN) 37849
942 ## - ADDED ENTRY ELEMENTS (KOHA)
Source of classification or shelving scheme Dewey Decimal Classification
Item type Children Books
Call number suffix CLA
Classification part S
Holdings
Withdrawn status Lost status Not for loan Collection code Home library Current library Date acquired Source of acquisition Cost, normal purchase price Full call number Barcode Copy number Cost, replacement price Koha item type
  Written-off vide DLB M. No. 383 dt 16.05.19   Fiction Central Library Central Library 11/09/2012 Blue Berry/IN8279/30.03.12/43/20.3.2012/30.03.2012 175.00 S CLA B-477170 1 175.00 Children Books
      Fiction Shahdara Branch Shahdara Branch 11/09/2012 Blue Berry/IN8279/30.03.12/43/20.3.2012/30.03.2012 175.00 S CLA B-477171 1 175.00 Children Books

© Delhi Public Library
Hit Counter
free hit counter